Die 5 größten Städte in jedem deutschem Bundesland - Statistiken

Allgemein
  • Dieses Quiz wurde 546 mal gespielt
    459 seit der letzten Aktualisierung
  • Das Durchschnittsergebnis liegt bei 44 aus 65
Antwortstatistiken
Einwohner Bundesland Stadt % Korrekt
1,4M Bayern München
99%
623K Baden-Württemberg Stuttgart
97%
1,1M NRW Köln
96%
732K Hessen Frankfurt am Main
95%
58K Brandenburg Frankfurt an der Oder
95%
518K Bayern Nürnberg
95%
619K NRW Düsseldorf
93%
588K NRW Dortmund
92%
534K Niedersachsen Hannover
91%
206K Rheinland-Pfalz Mainz
91%
557K Sachsen Dresden
90%
579K NRW Essen
90%
593K Sachsen Leipzig
90%
181K Brandenburg Potsdam
90%
160K Saarland Saarbrücken
90%
295K Bayern Augsburg
89%
230K Baden-Württemberg Freiburg
88%
246K Schleswig-Holstein Kiel
87%
200K Mecklenburg-Vorpommern Rostock
87%
311K Baden-Württemberg Mannheim
86%
96K Mecklenburg-Vorpommern Schwerin
86%
278K Hessen Wiesbaden
86%
312K Baden-Württemberg Karlsruhe
83%
236K Sachsen-Anhalt Magdeburg
83%
213K Thüringen Erfurt
82%
202K Hessen Kassel
80%
253K Niedersachsen Braunschweig
79%
248K Sachsen Chemnitz
78%
498K NRW Duisburg
77%
152K Bayern Regensburg
75%
123K Niedersachsen Wolfsburg
75%
99K Brandenburg Cottbus
74%
110K Thüringen Jena
74%
91K Schleswig-Holstein Flensburg
73%
138K Bayern Ingolstadt
73%
216K Schleswig-Holstein Lübeck
73%
237K Sachsen-Anhalt Halle
72%
112K Rheinland-Pfalz Koblenz
70%
114K Rheinland-Pfalz Trier
69%
93K Thüringen Gera
67%
158K Baden-Württemberg Heidelberg
67%
99K Rheinland-Pfalz Kaiserslautern
67%
170K Niedersachsen Oldenburg
67%
161K Hessen Darmstadt
66%
165K Niedersachsen Osnabrück
64%
77K Brandenburg Brandenburg
63%
164K Rheinland-Pfalz Ludwigshafen
61%
130K Hessen Offenbach
61%
89K Sachsen Zwickau
57%
63K Mecklenburg-Vorpommern Neubrandenburg
53%
59K Mecklenburg-Vorpommern Greifswald
49%
41K Saarland Homburg
49%
59K Mecklenburg-Vorpommern Stralsund
49%
65K Thüringen Weimar
47%
46K Saarland Neunkirchen
42%
45K Thüringen Gotha
33%
79K Schleswig-Holstein Neumünster
33%
63K Sachsen Plauen
33%
82K Sachsen-Anhalt Dessau-Roßlau
32%
80K Schleswig-Holstein Norderstedt
22%
46K Brandenburg Oranienburg
22%
39K Saarland Völklingen
21%
34K Saarland St.Ingbert
18%
39K Sachsen-Anhalt Weißenfels
10%
44K Sachsen-Anhalt Lutherstadt-Wittenberg
0%
Keine übereinstimmenden Quizze gefunden
Verteilung der Resultate
Anzahl Personen mit jedem Resultat
Perzentil nach korrekt beantworteten Fragen
Ihre Resultats-Entwicklung
Sie haben dieses Quiz seit der letzten Aktualisierung nicht gespielt